Top 10 Países con el Mayor Número de Lobos - Estadísticas

Estadísticas generales
  • Esta prueba ha sido intentada 2.688 veces
  • La puntuación promedio es 7 de 10
Estadísticas de respuestas
Lobos País % Correcto
25,000 - 30,000 Rusia
98%
< 18,000 Estados Unidos
97%
> 60,000 Canadá
95%
12,650 China
92%
10,000 - 20,000 Mongolia
79%
30,000 Kazajistán
72%
4,000 Kirguistán
44%
3,000 Tayikistán
43%
< 7,000 Turquía
43%
3,000 Irán
41%
No se encontraron pruebas coincidentes
Distribución de puntuación
Porcentaje de gente con cada puntuación
Porcentaje por número respondido
Historial de tus puntuaciones
No has intentado esta prueba.